[Event "RCCA Qual EM-KI-6 0304"]
[Site "RCCA"]
[Date "2004.??.??"]
[Round "?"]
[White "Nedavny, Sergey Valerievich"]
[Black "Nikiforov, Aleksandr Ivanovich"]
[Result "1-0"]
[WhiteElo "2000"]
[BlackElo "2200"]
[PlyCount "63"]
[EventDate "2004.??.??"]
[EventType "tourn (corr)"]
[EventRounds "14"]
[EventCountry "RUS"]
[SourceTitle "Corr 2011"]
[Source "ChessBase"]
[SourceDate "2010.08.31"]
[SourceVersion "1"]
[SourceVersionDate "2010.08.31"]
[SourceQuality "1"]

1. e4 e5 2. Nf3 Nc6 3. Bb5 f5 4. d3 Nf6 5. 0-0 fxe4 6. dxe4 d6 7. Qd3 Be6 8. Nc3 Be7 9. Ng5 Qd7 10. Nxe6 Qxe6 11. Nd5 0-0-0 12. Bxc6 bxc6 13. Qa6+ Kd7 14. Nb4 d5 15. exd5 Nxd5 16. Nxd5 Qxd5 17. Be3 Qb5 18. Qxa7 Bd6 19. Rfd1 Ke6 20. Bg5 Rdf8 21. Qe3 Rf5 22. a4 Qc4 23. Rd2 Rhf8 24. Qh3 g6 25. b3 Qb4 26. a5 Bc5 27. Ra4 Qb7 28. Be3 Bxe3 29. Qxe3 Qa6 30. h3 R8f7 31. Re2 Ke7 32. g4 1-0